| 000 | 00452nam a2200157Ia 4500 | ||
|---|---|---|---|
| 005 | 20250617023705.0 | ||
| 008 | 240331s9999 xx 000 0 und d | ||
| 020 | _a9552070775 | ||
| 082 |
_bATT _a302 |
||
| 100 | _aAththanayake,B | ||
| 245 | 0 | _aKanthawa saha sanniwedanaya | |
| 260 |
_aColombo _bS. Godage & Brothers _c2005 |
||
| 300 | _a168 p ., | ||
| 500 | _aPractical knowledge and Productivity of rural women ( Women and Communication) | ||
| 942 | _cL | ||
| 999 |
_c5074 _d5074 |
||